[Event "Collado Villalba op 39th"]
[Site "Collado Villalba"]
[Date "2022.08.27"]
[Round "8"]
[White "Rodriguez de Robles, Ignacio"]
[Black "Garcia Pumarega, Cesar"]
[Result "1-0"]
[WhiteElo "1873"]
[BlackElo "1620"]
[PlyCount "65"]
[EventDate "2022.08.20"]
[EventType "swiss"]
[EventRounds "9"]
[EventCountry "ESP"]
[SourceTitle "EXT 2023"]
[Source "ChessBase"]
[SourceDate "2022.10.05"]
[SourceVersion "1"]
[SourceVersionDate "2022.10.05"]
[SourceQuality "1"]

1. e4 c5 2. Nf3 e6 3. d4 cxd4 4. Nxd4 Nc6 5. Nc3 Qc7 6. g3 a6 7. Bg2 Nf6 8. 0-0 Be7 9. Kh1 h5 10. Nxc6 bxc6 11. f4 h4 12. g4 d5 13. e5 Nd7 14. Re1 Bb7 15. Qe2 c5 16. f5 h3 17. Bf3 d4 18. Ne4 Nxe5 19. Bf4 Rd8 20. Rf1 c4 21. Rae1 d3 22. cxd3 cxd3 23. Qe3 d2 24. Nxd2 Rxd2 25. Qxe5 Bxf3+ 26. Rxf3 Bd6 27. Qxg7 Bxf4 28. Qxh8+ Ke7 29. Qh4+ Ke8 30. Rf2 Qe5 31. Rxd2 Qc7 32. Qh8+ Ke7 33. f6# 1-0

[Event "Collado Villalba op 39th"]
[Site "Collado Villalba"]
[Date "2022.08.22"]
[Round "3"]
[White "Garcia Pumarega, Cesar"]
[Black "Suarez Paz, Alfonso"]
[Result "0-1"]
[WhiteElo "1620"]
[BlackElo "1828"]
[PlyCount "86"]
[EventDate "2022.08.20"]
[EventType "swiss"]
[EventRounds "9"]
[EventCountry "ESP"]
[SourceTitle "EXT 2023"]
[Source "ChessBase"]
[SourceDate "2022.10.05"]
[SourceVersion "1"]
[SourceVersionDate "2022.10.05"]
[SourceQuality "1"]

1. d4 d5 2. c4 c6 3. Nf3 Nf6 4. g3 Bf5 5. Bg2 e6 6. Nbd2 Bd6 7. 0-0 h6 8. Re1 0-0 9. Nh4 Bh7 10. e4 dxe4 11. Nxe4 Bb4 12. Bd2 Be7 13. Bc3 Nxe4 14. Bxe4 Bxh4 15. Bxh7+ Kxh7 16. gxh4 Qxh4 17. Re3 Nd7 18. Qd3+ g6 19. Rh3 Qg5+ 20. Kh1 Qf5 21. Qxf5 exf5 22. Bd2 h5 23. Rb3 b6 24. Bb4 Rfe8 25. c5 a5 26. Bd2 a4 27. Re3 Rxe3 28. Bxe3 b5 29. Rd1 Nf6 30. Bg5 Ne4 31. Be3 f4 32. f3 fxe3 33. fxe4 Re8 34. d5 cxd5 35. exd5 e2 36. Re1 Re5 37. b4 axb3 38. axb3 Rxd5 39. Rxe2 Rxc5 40. Re7 Kg7 41. Rb7 g5 42. Kg2 Kg6 43. Kf3 Rc3+ 0-1

[Event "Madrid-ch U12"]
[Site "Madrid"]
[Date "2019.03.30"]
[Round "1"]
[White "Fernandez Rosado, Roberto"]
[Black "Garcia Pumarega, Cesar"]
[Result "1-0"]
[WhiteElo "1757"]
[BlackElo "1355"]
[PlyCount "63"]
[EventDate "2019.03.30"]
[EventType "swiss"]
[EventRounds "6"]
[EventCountry "ESP"]
[SourceTitle "EXT 2021"]
[Source "ChessBase"]
[SourceDate "2020.10.23"]
[SourceVersion "1"]
[SourceVersionDate "2020.10.23"]
[SourceQuality "1"]

1. e4 e5 2. Nf3 Nc6 3. Bb5 a6 4. Ba4 Nf6 5. d3 b5 6. Bb3 Be7 7. 0-0 0-0 8. c3 h6 9. Re1 d6 10. Nbd2 Be6 11. Bc2 Qd7 12. Nf1 Nh5 13. d4 exd4 14. cxd4 Nb4 15. Bb3 Bxb3 16. Qxb3 Nc6 17. d5 Ne5 18. Nxe5 dxe5 19. Qf3 Nf6 20. Ne3 g6 21. h3 Kg7 22. Qg3 Nh5 23. Qxe5+ Bf6 24. Qh2 Rae8 25. Ng4 Bd4 26. Bxh6+ Kh7 27. Bxf8 Rxf8 28. Rad1 Bxb2 29. e5 Re8 30. e6 fxe6 31. dxe6 Rxe6 32. Rxd7+ 1-0

[Event "Pontevedra op-B 6th"]
[Site "Pontevedra"]
[Date "2018.08.14"]
[Round "9"]
[White "Garcia Pumarega, Cesar"]
[Black "Sousa, Gil Oliva Teles"]
[Result "1/2-1/2"]
[WhiteElo "1350"]
[BlackElo "1533"]
[PlyCount "67"]
[EventDate "2018.08.08"]
[EventType "swiss"]
[EventRounds "9"]
[EventCountry "ESP"]
[SourceTitle "CBM 186 Extra"]
[Source "ChessBase"]
[SourceDate "2018.08.24"]
[SourceVersion "1"]
[SourceVersionDate "2018.08.24"]
[SourceQuality "1"]

1. d4 e6 2. c4 d5 3. Nf3 Nf6 4. g3 Be7 5. Bg2 0-0 6. 0-0 b6 7. Qc2 Bb7 8. Nbd2 c5 9. e3 Nc6 10. Rd1 Qc7 11. b3 Rac8 12. Bb2 Rfd8 13. Rac1 a5 14. a3 Ba6 15. Bf1 Bb7 16. Bg2 Na7 17. Ne5 cxd4 18. exd4 b5 19. c5 Nc6 20. Ndf3 Ne4 21. Nxc6 Bxc6 22. Ne5 Bb7 23. f3 Nf6 24. Bf1 b4 25. a4 Nd7 26. Nxd7 Qxd7 27. Bb5 Bc6 28. Qd3 Bf6 29. f4 Rb8 30. Bxc6 Qxc6 31. Re1 g6 32. Rc2 h5 33. h4 Kh7 34. Bc1 1/2-1/2

[Event "Pontevedra op-B 6th"]
[Site "Pontevedra"]
[Date "2018.08.11"]
[Round "5"]
[White "Fernandez Rozas, Javier"]
[Black "Garcia Pumarega, Cesar"]
[Result "1-0"]
[WhiteElo "1667"]
[BlackElo "1350"]
[PlyCount "55"]
[EventDate "2018.08.08"]
[EventType "swiss"]
[EventRounds "9"]
[EventCountry "ESP"]
[SourceTitle "CBM 186 Extra"]
[Source "ChessBase"]
[SourceDate "2018.08.24"]
[SourceVersion "1"]
[SourceVersionDate "2018.08.24"]
[SourceQuality "1"]

1. e4 e5 2. Nf3 Nc6 3. d4 exd4 4. Bc4 Nf6 5. e5 d5 6. Bb5 Nd7 7. Bxc6 bxc6 8. Nxd4 c5 9. Nc6 Qh4 10. Qxd5 Nb6 11. g3 Nxd5 12. gxh4 Bd7 13. Na5 Be7 14. h5 f6 15. exf6 Nxf6 16. h6 g6 17. Nc3 Kf7 18. Bf4 Rhe8 19. 0-0-0 Bg4 20. Rd2 Nh5 21. Be3 Be6 22. Nc6 Bd6 23. Nb5 Nf6 24. Nxd6+ cxd6 25. Rxd6 Bd5 26. Rd1 Rec8 27. Ne5+ Kg8 28. Rxf6 1-0

[Event "Tres Cantos op 10th"]
[Site "Tres Cantos"]
[Date "2018.06.29"]
[Round "9.40"]
[White "Garcia Pumarega, Cesar"]
[Black "Diaz Begonte, Manuel"]
[Result "0-1"]
[WhiteElo "1306"]
[BlackElo "1607"]
[PlyCount "70"]
[EventDate "2018.06.21"]
[EventType "swiss"]
[EventRounds "9"]
[EventCountry "ESP"]
[SourceTitle "EXT 2024"]
[Source "ChessBase"]
[SourceDate "2023.10.10"]
[SourceVersion "1"]
[SourceVersionDate "2023.10.10"]
[SourceQuality "1"]

1. e4 d5 2. exd5 Nf6 3. d4 Nxd5 4. Nf3 Bg4 5. c4 Nf6 6. Bg5 e6 7. Nc3 Be7 8. Be2 h6 9. Bf4 Nbd7 10. h3 Bxf3 11. Bxf3 c6 12. Qb3 Qb6 13. Qxb6 Nxb6 14. c5 Nbd5 15. Nxd5 Nxd5 16. Bxd5 exd5 17. Kd2 0-0-0 18. Rhe1 Bf6 19. Be5 Bxe5 20. Rxe5 Rhe8 21. Rae1 Rxe5 22. Rxe5 f6 23. Re7 Rd7 24. Rxd7 Kxd7 25. f4 Ke6 26. g4 f5 27. a4 fxg4 28. hxg4 a5 29. Kc3 g6 30. b4 h5 31. b5 hxg4 32. bxc6 bxc6 33. Kd3 Kf5 34. Ke3 g3 35. Kf3 g2 0-1

[Event "Madrid San Viator op-B 29th"]
[Site "Madrid"]
[Date "2017.11.01"]
[Round "7"]
[White "Lopez Ochoa, Arsenio"]
[Black "Garcia Pumarega, Cesar"]
[Result "1-0"]
[WhiteElo "1035"]
[BlackElo "1167"]
[PlyCount "79"]
[EventDate "2017.09.17"]
[EventType "swiss"]
[EventRounds "9"]
[EventCountry "ESP"]
[SourceTitle "EXT 2019"]
[Source "ChessBase"]
[SourceDate "2018.10.10"]
[SourceVersion "1"]
[SourceVersionDate "2018.10.10"]
[SourceQuality "1"]

1. e4 e5 2. Nf3 Nc6 3. Bb5 a6 4. Bxc6 dxc6 5. 0-0 Bg4 6. d3 Qf6 7. Nbd2 h5 8. h3 Ne7 9. b3 Ng6 10. Qe1 Nf4 11. Nh2 Bd7 12. Ndf3 Qg6 13. Bxf4 Bxh3 14. Bg3 h4 15. gxh3 hxg3 16. fxg3 Rxh3 17. Kg2 Rh8 18. Nxe5 Qh5 19. Nef3 Bd6 20. e5 Bc5 21. c3 g5 22. d4 g4 23. Rf2 Qh3+ 24. Kh1 gxf3 25. dxc5 0-0-0 26. Qg1 Rd3 27. c4 Rg8 28. Rc1 Rxg3 29. Qf1 Qh6 30. Rcc2 Kd7 31. Qxd3+ Ke6 32. Rxf3 Rg8 33. Qf5+ Ke7 34. Qxf7+ Kd8 35. Rd3+ Qd6 36. Qxg8+ Ke7 37. exd6+ cxd6 38. Re2+ Kd7 39. Qf7+ Kc8 40. Re8# 1-0

[Event "Madrid San Viator op-B 29th"]
[Site "Madrid"]
[Date "2017.09.24"]
[Round "2"]
[White "Garcia Pumarega, Cesar"]
[Black "Correas Aguilera, Eufemio"]
[Result "0-1"]
[WhiteElo "1167"]
[BlackElo "1621"]
[PlyCount "110"]
[EventDate "2017.09.17"]
[EventType "swiss"]
[EventRounds "9"]
[EventCountry "ESP"]
[SourceTitle "EXT 2019"]
[Source "ChessBase"]
[SourceDate "2018.10.10"]
[SourceVersion "1"]
[SourceVersionDate "2018.10.10"]
[SourceQuality "1"]

1. e4 d5 2. exd5 Qxd5 3. Nc3 Qa5 4. b4 Qxb4 5. Rb1 Qd6 6. Nf3 Nf6 7. Bc4 a6 8. 0-0 e6 9. d3 Be7 10. Bg5 0-0 11. Bxf6 Bxf6 12. Ne4 Qe7 13. d4 b5 14. Bd3 Nd7 15. Re1 Nb6 16. Ne5 Bxe5 17. dxe5 Bb7 18. Ng3 Rad8 19. Qg4 h6 20. Nh5 Qg5 21. Qxg5 hxg5 22. Re3 Nd7 23. Ng3 Nc5 24. Kf1 Rd4 25. Ne2 Rd7 26. Rh3 Nxd3 27. Rxd3 Rfd8 28. Rbd1 Rxd3 29. Rxd3 Rxd3 30. cxd3 f6 31. f4 Bd5 32. a3 gxf4 33. Nc3 fxe5 34. Kf2 Kf7 35. g3 fxg3+ 36. hxg3 c5 37. Ke3 Ke7 38. Nb1 Kd6 39. g4 b4 40. axb4 cxb4 41. Kd2 Ba2 42. Nc3 bxc3+ 43. Kxc3 a5 44. g5 a4 45. d4 exd4+ 46. Kb2 Bb3 47. g6 d3 48. Kc3 e5 49. Kb4 d2 50. Kc3 d1Q 51. Kb4 Qc1 52. Kb5 Qc5+ 53. Ka6 Qb4 54. Ka7 Kc6 55. Ka8 Qb7# 0-1